Department of the Army Information Security Program : security.

Bibliographic Details
Corporate Author: United States. Department of the Army
Format: Government Document Book
Language:English
Published: Washington, DC : Headquarters, Dept. of the Army, [1992-]
Series:Army regulation ; 380-5
Subjects:

MARC

Tag First Indicator Second Indicator Subfields
LEADER 00000cam a2200000 a 4500
001 in00001102413
005 20150929214318.0
008 921216m19929999dcua b f001 0 eng d
010 |a gp 93061707  
035 |a (OCoLC)27128356 
035 |9 AFU3245AM 
037 |a PIN 004067-000  |b DA 
040 |a DGPO  |c DGPO  |d DLC  |d UtOrBLW 
043 |a n-us--- 
074 |a 0323 
086 0 |a D 101.9:380-5/988 
110 1 |a United States.  |b Department of the Army. 
245 1 0 |a Department of the Army Information Security Program :  |b security. 
264 1 |a Washington, DC :  |b Headquarters, Dept. of the Army,  |c [1992-] 
300 |a 1 volume (loose-leaf) :  |b illustrations ;  |c 28 cm. 
336 |a text  |b txt  |2 rdacontent 
337 |a unmediated  |b n  |2 rdamedia 
338 |a volume  |b nc  |2 rdacarrier 
490 1 |a Army regulation ;  |v 380-5 
500 |a Cover title. 
500 |a "Supersedes AR 380-88, 21 January 1985 and AR 380-5, 1 August 1983"--P. 1. 
500 |a Shipping list number: 92-0670-P. 
500 |a "25 February 1988." 
504 |a Includes bibliographical references (pages 5-6). 
500 |a Includes index. 
610 1 0 |a United States.  |b Army  |x Security measures. 
650 0 |a Defense information, Classified  |z United States. 
810 1 |a United States.  |b Department of the Army.  |t Army regulation ;  |v no. 380-5. 
999 |a MARS 
999 f f |s 6b3674b5-9c34-382c-8e11-e615a3d6bda7  |i e6200080-3b6c-3028-8fc1-3db45190797b  |t 0 
952 f f |p normal  |a Texas A&M University  |b College Station  |c Sterling C. Evans Library  |d Evans: US Documents (Annex 5th floor)  |t 0  |e D 101.9:360-5-380-380  |h Superintendent of Documents classification  |i unmediated -- volume  |k 360-5-380-380  |m A14819130291 
952 f f |a Texas A&M University  |b College Station  |c Sterling C. Evans Library  |d Evans: US Documents (Annex 5th floor)  |t 0  |e D 101.9:360-5-380-380  |h Superintendent of Documents classification 
998 f f |a D 101.9:360-5-380-380  |s 360-5,360-61,360-81,380-4,380-5,380-10,380-19,380-21,380-49,380-65,380-67,380-88,380-90,380-150,380-380  |t 0  |l Evans: US Documents (Annex 5th floor)